书目信息 |
| 题名: |
农业废弃物资源化综合利用管理
|
|
| 作者: | 朱建国 | |
| 分册: | ||
| 出版信息: | 北京 化学工业出版社 2015.08 |
|
| 页数: | 179页 | |
| 开本: | 26cm | |
| 丛书名: | ||
| 单 册: | ||
| 中图分类: | X71 | |
| 科图分类: | ||
| 主题词: | 农业废物 , 农业废物--废物处理 , 农业废物--废物综合利用 | |
| 电子资源: | ||
| ISBN: | 978-7-122-24558-8 | |
| 000 | 00697nam0 2200229 450 | |
| 001 | 3625 | |
| 005 | 20160927091740.04 | |
| 010 | @a978-7-122-24558-8@b平装@dCNY58.00 | |
| 100 | @a20151001d2015 km y0chiy0120 ea | |
| 101 | 0 | @achi |
| 102 | @aCN@b110000 | |
| 200 | 1 | @a农业废弃物资源化综合利用管理@Anong ye fei qi wu zi yuan hua zong he li yong guan li@f朱建国@Fzhu jian guo |
| 210 | @a北京@c化学工业出版社@d2015.08 | |
| 215 | @a179页@d26cm | |
| 330 | @a农业废物·废物综合利用 | |
| 606 | 0 | @a农业废物 |
| 606 | 0 | @a农业废物@x废物处理 |
| 606 | 0 | @a农业废物@x废物综合利用 |
| 690 | @aX71@v4 | |
| 701 | 0 | @a朱建国@Azhu jian guo |
| 801 | 0 | @aCN@b唐山师范学院图书馆@c20151001 |
| 905 | @aZUCC@dX71@e201 | |
| 农业废弃物资源化综合利用管理/朱建国.-北京:化学工业出版社,2015.08 |
| 179页;26cm |
| ISBN 978-7-122-24558-8(平装):CNY58.00 |
| 农业废物·废物综合利用 |
| ● |
| 相关链接 |
|
|
|
|
正题名:农业废弃物资源化综合利用管理
索取号:X71/201
 
预约/预借
| 序号 | 登录号 | 条形码 | 馆藏地/架位号 | 状态 | 备注 |
| 1 | 906032 | 209060326 | 第二样本阅览室/ [索取号:X71/201] | 在馆 | |
| 2 | 906033 | 209060335 | 第三借阅区/ [索取号:X71/201] | 在馆 | |
| 3 | 906034 | 209060344 | 第三借阅区/ [索取号:X71/201] | 在馆 | |
| 4 | 906035 | 209060353 | 第三借阅区/ [索取号:X71/201] | 在馆 | |
| 5 | 906036 | 209060362 | 第三借阅区/ [索取号:X71/201] | 在馆 |